Kỹ thuật chăn nuôi và phòng trị bệnh cho gà

Salvato in:
Dettagli Bibliografici
Autore principale: Nguyễn Xuân Bình
Natura: Libro
Lingua:Undetermined
Pubblicazione: Hà Nội Nông Nghiệp 2000
Soggetti:
Tags: Aggiungi Tag
Nessun Tag, puoi essere il primo ad aggiungerne! !
Thư viện lưu trữ: Trung tâm Học liệu Trường Đại học Cần Thơ
LEADER 00630nam a2200193Ia 4500
001 CTU_39841
008 210402s9999 xx 000 0 und d
020 |b 10.000đ 
082 |a 636.5089 
082 |b B312 
100 |a Nguyễn Xuân Bình 
245 0 |a Kỹ thuật chăn nuôi và phòng trị bệnh cho gà 
245 0 |c Nguyễn Xuân Bình 
260 |a Hà Nội 
260 |b Nông Nghiệp 
260 |c 2000 
650 |a poultry - diseases,poultry - epidemiology,poultry - parasites,veterinary medicine 
904 |i Minh, 001207 
980 |a Trung tâm Học liệu Trường Đại học Cần Thơ